[Event "Roosendaal op"]
[Site "Roosendaal"]
[Date "2011.08.21"]
[Round "6"]
[White "Miedema, David"]
[Black "Van de Berkmortel, Theo"]
[Result "1-0"]
[WhiteElo "2399"]
[BlackElo "2214"]
[PlyCount "45"]
[EventDate "2011.08.19"]
[EventType "swiss"]
[EventRounds "6"]
[EventCountry "NED"]
[SourceTitle "CBM 143 Extra"]
[Source "ChessBase"]
[SourceDate "2011.08.29"]
[SourceVersion "1"]
[SourceVersionDate "2011.08.29"]
[SourceQuality "1"]

1. e4 e6 2. d4 d5 3. Nc3 Bb4 4. e5 c5 5. a3 Bxc3+ 6. bxc3 Qa5 7. Bd2 Qa4 8. Nf3 c4 9. h4 Nc6 10. h5 h6 11. Nh4 Nge7 12. g4 Bd7 13. Bg2 0-0-0 14. 0-0 Rhg8 15. f4 g6 16. Kh2 Qa5 17. a4 gxh5 18. gxh5 Rdf8 19. Bh3 f6 20. f5 Nxf5 21. Nxf5 exf5 22. Bxf5 Qd8 23. e6 1-0

[Event "NED-chT 0910"]
[Site "Netherlands"]
[Date "2009.12.12"]
[Round "4.8"]
[White "Lanchava, Tea"]
[Black "Van de Berkmortel, Theo"]
[Result "1-0"]
[WhiteElo "2344"]
[BlackElo "2251"]
[PlyCount "141"]
[EventDate "2009.09.26"]
[EventType "team"]
[EventRounds "9"]
[EventCountry "NED"]
[SourceTitle "EXT 2011"]
[Source "ChessBase"]
[SourceDate "2010.11.26"]
[SourceVersion "1"]
[SourceVersionDate "2010.11.26"]
[SourceQuality "1"]
[WhiteTeam "Groningen Hotels"]
[BlackTeam "Calder HMC"]
[WhiteTeamCountry "NED"]
[BlackTeamCountry "NED"]

1. d4 Nf6 2. Nf3 g6 3. c4 Bg7 4. Nc3 d6 5. e4 0-0 6. Be2 Nbd7 7. h4 e5 8. d5 Nc5 9. Nd2 a5 10. h5 gxh5 11. Bxh5 Nd3+ 12. Kf1 Nxh5 13. Qxh5 h6 14. Nf3 Nxc1 15. Rxc1 f5 16. Nh4 fxe4 17. Nxe4 Rf4 18. Re1 Bg4 19. Qg6 Qe8 20. Qxe8+ Rxe8 21. f3 Kh7 22. g3 Rff8 23. Ke2 Bd7 24. Rc1 b6 25. b3 Bf6 26. Ng2 Kg7 27. Rh5 Rh8 28. Rch1 Ref8 29. Ne3 Be7 30. g4 Be8 31. R5h3 Bg6 32. Ng3 Bg5 33. Nef5+ Bxf5 34. Nxf5+ Kg6 35. a3 Rb8 36. Kd3 Ra8 37. Ng3 Rhf8 38. Ne4 Bf4 39. Rh5 Rab8 40. Ke2 Ra8 41. Nf2 Rae8 42. Ra1 Bg3 43. Ne4 Bf4 44. b4 Ra8 45. Rhh1 Rh8 46. c5 axb4 47. cxd6 cxd6 48. axb4 Rhc8 49. Kd3 Rd8 50. b5 Rf8 51. Ra6 Rab8 52. Ra7 Bg5 53. Rf1 Ra8 54. Ra6 Rab8 55. Rf2 Bh4 56. Rf1 Bg5 57. Ke2 Be7 58. Rc1 Rh8 59. Rc7 Bf8 60. Rc6 h5 61. gxh5+ Rxh5 62. Raxb6 Rxb6 63. Rxb6 Rh2+ 64. Kd3 Rb2 65. Rb8 Be7 66. b6 Kf7 67. Kc4 Rb1 68. Nc3 Rb2 69. Nb5 Rc2+ 70. Kb3 Rc5 71. Kb4 1-0

[Event "Teplice op 4th"]
[Site "Teplice"]
[Date "2009.06.21"]
[Round "9"]
[White "Strebkovs, Andrejs"]
[Black "Van de Berkmortel, Theo"]
[Result "1/2-1/2"]
[WhiteElo "2420"]
[BlackElo "2276"]
[PlyCount "75"]
[EventDate "2009.06.13"]
[EventType "swiss"]
[EventRounds "9"]
[EventCountry "CZE"]
[SourceTitle "CBM 130 Extra"]
[Source "ChessBase"]
[SourceDate "2009.07.02"]
[SourceVersion "2"]
[SourceVersionDate "2009.07.15"]
[SourceQuality "1"]

1. Nf3 Nf6 2. g3 g6 3. Bg2 Bg7 4. 0-0 0-0 5. c4 d6 6. Nc3 c6 7. d3 a6 8. Nd2 e5 9. Rb1 Be6 10. b4 d5 11. a4 Qc7 12. b5 axb5 13. axb5 Nbd7 14. Qb3 Qd6 15. Qb4 Qxb4 16. Rxb4 Rfb8 17. Rb1 Nb6 18. bxc6 bxc6 19. cxd5 cxd5 20. Nf3 d4 21. Nxe5 dxc3 22. Rxb6 Rxb6 23. Bxa8 Nd5 24. Nc4 Ra6 25. Bb7 Ra2 26. Re1 Ra1 27. Bxd5 Bxd5 28. e4 Bxc4 29. dxc4 c2 30. c5 Bc3 31. Rf1 Rb1 32. Kg2 Kf8 33. Bh6+ Ke8 34. Rc1 Rb2 35. Kf3 Bb4 36. Ke2 Ba3 37. Kd2 Bxc5 38. Rxc2 1/2-1/2

[Event "Teplice op 4th"]
[Site "Teplice"]
[Date "2009.06.17"]
[Round "5"]
[White "Stastny, Petr"]
[Black "Van de Berkmortel, Theo"]
[Result "0-1"]
[WhiteElo "2002"]
[BlackElo "2276"]
[PlyCount "62"]
[EventDate "2009.06.13"]
[EventType "swiss"]
[EventRounds "9"]
[EventCountry "CZE"]
[SourceTitle "CBM 130 Extra"]
[Source "ChessBase"]
[SourceDate "2009.07.02"]
[SourceVersion "2"]
[SourceVersionDate "2009.07.15"]
[SourceQuality "1"]

1. d4 Nf6 2. c4 g6 3. Nc3 Bg7 4. e4 d6 5. Nf3 0-0 6. h3 c5 7. d5 e6 8. Bd3 exd5 9. exd5 Qe7+ 10. Qe2 Qxe2+ 11. Kxe2 Re8+ 12. Kd1 Bd7 13. Bf4 Bf8 14. g4 Na6 15. a3 b5 16. cxb5 Nc7 17. Kc2 Nfxd5 18. Nxd5 Nxd5 19. Bg3 c4 20. Bf1 Bxb5 21. Nd4 Ba4+ 22. Kd2 Bh6+ 23. f4 Nxf4 24. Bxf4 Bxf4+ 25. Kc3 d5 26. Bg2 Re3+ 27. Kb4 Bd7 28. Kc5 Rc8+ 29. Kxd5 Re5+ 30. Kd6 Rec5+ 31. Ke7 Ba4 0-1

[Event "Cappelle op 25th"]
[Site "Cappelle la Grande"]
[Date "2009.03.03"]
[Round "5"]
[White "Lalic, Bogdan"]
[Black "Van de Berkmortel, Theo"]
[Result "1-0"]
[WhiteElo "2538"]
[BlackElo "2274"]
[PlyCount "63"]
[EventDate "2009.02.28"]
[EventType "swiss"]
[EventRounds "9"]
[EventCountry "FRA"]
[SourceTitle "CBM 129 Extra"]
[Source "ChessBase"]
[SourceDate "2009.05.05"]
[SourceVersion "2"]
[SourceVersionDate "2009.05.20"]
[SourceQuality "1"]

1. d4 Nf6 2. c4 g6 3. Nc3 Bg7 4. e4 d6 5. f3 0-0 6. Nge2 c5 7. Be3 cxd4 8. Nxd4 Nc6 9. Qd2 Nxd4 10. Bxd4 Qa5 11. Rc1 a6 12. Be2 Be6 13. b3 Rfc8 14. Be3 b5 15. Nd5 Qxd2+ 16. Kxd2 Bxd5 17. cxd5 Nd7 18. Rc6 Bb2 19. Rb1 Ba3 20. b4 Ne5 21. Rc3 Rxc3 22. Kxc3 a5 23. bxa5 b4+ 24. Rxb4 Rc8+ 25. Rc4 Nxc4 26. Bxc4 Kf8 27. Kb3 Bc5 28. Bxc5 Rxc5 29. a6 Ke8 30. Kb4 Rc7 31. Bb5+ Kd8 32. Ka5 1-0

[Event "Kavala op 13th"]
[Site "Kavala"]
[Date "2004.08.01"]
[Round "3"]
[White "Shneider, Aleksandr"]
[Black "Van de Berkmortel, Theo"]
[Result "1/2-1/2"]
[WhiteElo "2532"]
[BlackElo "2278"]
[PlyCount "92"]
[EventDate "2004.07.31"]
[EventType "swiss"]
[EventRounds "9"]
[EventCountry "GRE"]
[SourceTitle "CBM 101 Extra"]
[Source "ChessBase"]
[SourceDate "2004.09.01"]
[SourceVersion "2"]
[SourceVersionDate "2004.09.01"]
[SourceQuality "1"]

1. d4 d5 2. c4 Nc6 3. Nf3 Bg4 4. cxd5 Bxf3 5. gxf3 Qxd5 6. e3 e6 7. Nc3 Bb4 8. Bd2 Bxc3 9. bxc3 Nf6 10. c4 Qd6 11. f4 Ne4 12. Bg2 Nxd2 13. Qxd2 Rd8 14. Qb2 b6 15. Qb5 Qb4+ 16. Ke2 Qxb5 17. cxb5 Ne7 18. Rac1 Kd7 19. Rc4 Nd5 20. f5 a6 21. a4 Ra8 22. Rhc1 Rhc8 23. Bh3 axb5 24. axb5 Ra5 25. Rc6 Re8 26. Bg2 Rc8 27. fxe6+ fxe6 28. Rxe6 Kxe6 29. Bh3+ Ke7 30. Bxc8 Rxb5 31. Bb7 Kd6 32. e4 Nf4+ 33. Kf3 Ne6 34. e5+ Ke7 35. Rc4 Rb3+ 36. Ke4 b5 37. Rc6 Rb4 38. Bc8 Nxd4 39. Rxc7+ Kd8 40. Rd7+ Kxc8 41. Rxd4 Rxd4+ 42. Kxd4 Kd7 43. f4 g5 44. fxg5 b4 45. h4 Ke6 46. h5 b3 1/2-1/2

[Event "Creon op 8th"]
[Site "Creon"]
[Date "2003.08.02"]
[Round "8"]
[White "Van de Berkmortel, Theo"]
[Black "Van der Stricht, Geert"]
[Result "0-1"]
[WhiteElo "2228"]
[BlackElo "2450"]
[PlyCount "104"]
[EventDate "2003.07.28"]
[EventType "swiss"]
[EventRounds "9"]
[EventCountry "FRA"]
[SourceTitle "CBM 095 Extra"]
[Source "ChessBase"]
[SourceDate "2003.09.04"]
[SourceVersion "1"]
[SourceVersionDate "2003.09.04"]
[SourceQuality "1"]

1. d4 Nf6 2. g3 d5 3. Bg2 c6 4. Nf3 Bg4 5. Ne5 Bh5 6. c4 e6 7. Qb3 Qb6 8. c5 Qxb3 9. axb3 Nfd7 10. Nd3 e5 11. e3 Na6 12. Bh3 f6 13. Bd2 Bf3 14. Rg1 h5 15. Bc3 Bg4 16. Bf1 exd4 17. exd4 Kf7 18. h3 Bf3 19. Kd2 Nc7 20. Ke3 Be4 21. Nd2 Bf5 22. Kf3 g6 23. g4 hxg4+ 24. hxg4 Bxd3 25. Bxd3 Ne6 26. Kg3 Bh6 27. Nf3 Bf4+ 28. Kg2 Ng5 29. Nxg5+ fxg5 30. Rh1 a6 31. Rae1 Nf6 32. f3 Rh4 33. Rxh4 gxh4 34. Rh1 Rh8 35. Be1 Bg5 36. Bg3 Rh7 37. Be5 Be3 38. Re1 h3+ 39. Kh2 Bd2 40. Rd1 Be3 41. Re1 Bd2 42. Rd1 Be3 43. Bf1 Nd7 44. Bg3 Nf8 45. f4 Ne6 46. f5 gxf5 47. Bd3 Nxd4 48. gxf5 Nf3+ 49. Kh1 Rg7 50. Bd6 h2 51. Bxh2 Rh7 52. Kg2 Nxh2 0-1

[Event "Creon op 8th"]
[Site "Creon"]
[Date "2003.07.30"]
[Round "4"]
[White "Van de Berkmortel, Theo"]
[Black "Nevednichy, Vladislav"]
[Result "0-1"]
[WhiteElo "2228"]
[BlackElo "2593"]
[PlyCount "82"]
[EventDate "2003.07.28"]
[EventType "swiss"]
[EventRounds "9"]
[EventCountry "FRA"]
[SourceTitle "CBM 095 Extra"]
[Source "ChessBase"]
[SourceDate "2003.09.04"]
[SourceVersion "1"]
[SourceVersionDate "2003.09.04"]
[SourceQuality "1"]

1. d4 g6 2. g3 Bg7 3. Bg2 d6 4. e4 Nf6 5. Ne2 0-0 6. 0-0 e5 7. Nbc3 Nc6 8. dxe5 Nxe5 9. h3 Re8 10. f4 Nc6 11. Be3 Bd7 12. g4 h5 13. g5 Nh7 14. Qd2 b5 15. Nd4 b4 16. Nd5 Na5 17. Nb3 Nc4 18. Qxb4 Nxe3 19. Nxe3 Bxb2 20. Rad1 Bg7 21. Qd2 Bc6 22. Nd5 Bb5 23. Rfe1 a5 24. Nd4 Bd7 25. Ne3 a4 26. c4 Rb8 27. Rb1 c6 28. Nf3 Qc7 29. Red1 Rxb1 30. Rxb1 Rxe4 31. c5 d5 32. Ne5 Bxe5 33. Bxe4 Bxf4 34. Bg2 Nxg5 35. Rf1 Qe5 36. Ng4 hxg4 37. Qxf4 Qxf4 38. Rxf4 gxh3 39. Bf1 Ne4 40. Kh2 g5 41. Rf3 g4 0-1

[Event "BEL-chT 0102"]
[Site "Belgium"]
[Date "2002.10.13"]
[Round "8"]
[White "Laurent, Bruno"]
[Black "Van de Berkmortel, Theo"]
[Result "1-0"]
[WhiteElo "2291"]
[BlackElo "2222"]
[PlyCount "95"]
[EventDate "2001.10.14"]
[EventType "team"]
[EventRounds "11"]
[EventCountry "BEL"]
[SourceTitle "EXT 2003"]
[Source "ChessBase"]
[SourceDate "2002.11.25"]
[SourceVersion "1"]
[SourceVersionDate "2002.11.25"]
[SourceQuality "1"]

1. e4 g6 2. d4 d6 3. Nc3 a6 4. a4 Bg7 5. Be3 Nd7 6. Nge2 b6 7. g3 Bb7 8. Bg2 e6 9. 0-0 Ne7 10. Qd2 h6 11. Rad1 Nf6 12. d5 exd5 13. exd5 Nf5 14. Bf4 Nh5 15. Bh3 Nxf4 16. Qxf4 Ne7 17. Qc4 0-0 18. Nd4 Kh8 19. Rfe1 Re8 20. Nc6 Bxc6 21. dxc6 f5 22. Bg2 Ng8 23. Qf7 Rxe1+ 24. Rxe1 Bxc3 25. bxc3 Qf6 26. Qxc7 Qxc3 27. Rd1 Re8 28. Qxd6 Qxc2 29. c7 Re7 30. Bf3 Qxc7 31. Qxg6 f4 32. Rd6 fxg3 33. hxg3 Rg7 34. Qe6 Qc5 35. Kg2 Rc7 36. Qg6 Rg7 37. Qd3 b5 38. a5 b4 39. Rxa6 Qc3 40. Qxc3 bxc3 41. Rc6 Ra7 42. a6 Ne7 43. Rxh6+ Kg7 44. Re6 Rc7 45. Bb7 Nc8 46. Bxc8 c2 47. a7 Rxa7 48. Rc6 1-0

[Event "BEL-chT 0102"]
[Site "Belgium"]
[Date "2001.11.25"]
[Round "3"]
[White "Van de Berkmortel, Theo"]
[Black "Van der Stricht, Geert"]
[Result "0-1"]
[WhiteElo "2222"]
[BlackElo "2420"]
[PlyCount "60"]
[EventDate "2001.10.14"]
[EventType "team"]
[EventRounds "11"]
[EventCountry "BEL"]
[SourceTitle "EXT 2003"]
[Source "ChessBase"]
[SourceDate "2002.11.25"]
[SourceVersion "1"]
[SourceVersionDate "2002.11.25"]
[SourceQuality "1"]

1. e4 c5 2. Nf3 d6 3. Nc3 e5 4. Bc4 Be7 5. Nd5 Nf6 6. Nxe7 Qxe7 7. d3 Be6 8. Bg5 h6 9. Bxf6 Qxf6 10. Nd2 0-0 11. Nf1 Qg6 12. Ng3 Nc6 13. c3 Rad8 14. Qf3 Ne7 15. Bxe6 fxe6 16. Qe3 Nc6 17. 0-0 Rf6 18. a3 b6 19. b4 Kh7 20. f3 Qf7 21. Ra2 g5 22. Raf2 Qg6 23. b5 Na5 24. d4 exd4 25. cxd4 Rf7 26. Rd1 cxd4 27. Qxd4 Rc7 28. Qb4 Rc4 29. Qb2 Rc5 30. Rfd2 Nc4 0-1

[Event "Sutton op"]
[Site "Sutton"]
[Date "1999.??.??"]
[Round "7"]
[White "Georghiou, Paul T"]
[Black "Van de Berkmortel, Theo"]
[Result "1/2-1/2"]
[WhiteElo "2251"]
[BlackElo "2262"]
[PlyCount "122"]
[EventDate "1999.??.??"]
[EventType "swiss"]
[EventRounds "7"]
[EventCountry "ENG"]
[SourceTitle "EXT 2000"]
[Source "ChessBase"]
[SourceDate "1999.11.16"]
[SourceVersion "1"]
[SourceVersionDate "1999.11.16"]
[SourceQuality "1"]

1. d4 g6 2. e4 d6 3. Nc3 c6 4. Be3 Nh6 5. h3 f6 6. Qd2 Nf7 7. f4 Bg7 8. Nf3 0-0 9. g4 e6 10. f5 exf5 11. exf5 gxf5 12. 0-0-0 Re8 13. Kb1 d5 14. Bf4 Na6 15. Bd3 Nd6 16. Bxd6 Qxd6 17. Nh4 Qg3 18. Nxf5 Bxf5 19. Bxf5 Qe3 20. Qg2 Nc7 21. Rd3 Qe7 22. h4 Kh8 23. a3 Ne6 24. Ne2 Nc5 25. Rd2 Ne4 26. Rdd1 Nd6 27. Ng3 Nc4 28. Rd3 Qc7 29. Qf2 Nd6 30. g5 Rf8 31. g6 h6 32. Re1 Nc4 33. Ka2 Rae8 34. Nh5 Qa5 35. Rxe8 Rxe8 36. Bd7 Qe1 37. Qf4 Rd8 38. Nxg7 Kxg7 39. Bxc6 Qe7 40. Ba4 Nb6 41. Bb3 Qe4 42. Qc7+ Rd7 43. Qb8 a6 44. h5 Qe6 45. Qf4 Re7 46. Rf3 Nc8 47. Qf5 Nb6 48. Qxe6 Rxe6 49. Rf5 Rd6 50. c3 Rd8 51. Kb1 Rd6 52. Kc2 Rd8 53. Kd3 Rd7 54. Ba2 Rd8 55. b3 Nc8 56. c4 Ne7 57. Rf2 Nc8 58. c5 Ne7 59. b4 f5 60. Re2 Kf6 61. a4 Nc6 1/2-1/2

[Event "Sutton op"]
[Site "Sutton"]
[Date "1999.??.??"]
[Round "3"]
[White "Webster, Andrew"]
[Black "Van de Berkmortel, Theo"]
[Result "1-0"]
[WhiteElo "2430"]
[BlackElo "2262"]
[PlyCount "57"]
[EventDate "1999.??.??"]
[EventType "swiss"]
[EventRounds "7"]
[EventCountry "ENG"]
[SourceTitle "EXT 2000"]
[Source "ChessBase"]
[SourceDate "1999.11.16"]
[SourceVersion "1"]
[SourceVersionDate "1999.11.16"]
[SourceQuality "1"]

1. c4 e5 2. g3 Nc6 3. Bg2 f5 4. Nc3 Nf6 5. e3 d5 6. cxd5 Nb4 7. d3 Nfxd5 8. Nxd5 Nxd5 9. Nf3 Bd6 10. 0-0 Be6 11. e4 fxe4 12. Ng5 Bg8 13. Bxe4 Qf6 14. Nf3 Be6 15. d4 exd4 16. Bg5 Qf7 17. Nxd4 c6 18. Nxe6 Qxe6 19. Re1 Kd7 20. Qb3 Kc7 21. Rad1 Rae8 22. Bxd5 Qxe1+ 23. Rxe1 Rxe1+ 24. Kg2 Re5 25. Bxc6 Kxc6 26. Bf4 Rd5 27. Qc4+ Rc5 28. Qa4+ Kc7 29. Qd4 1-0

[Event "Oberliga NRW 9899 I"]
[Site "Germany"]
[Date "1998.12.03"]
[Round "3.8"]
[White "Van de Berkmortel, Theo"]
[Black "Weisshaupt, Rainer"]
[Result "1-0"]
[WhiteElo "2270"]
[BlackElo "2180"]
[PlyCount "129"]
[EventDate "1998.10.10"]
[EventType "team"]
[EventRounds "9"]
[EventCountry "GER"]
[SourceTitle "EXT 2000"]
[Source "ChessBase"]
[SourceDate "1999.11.16"]
[SourceVersion "1"]
[SourceVersionDate "1999.11.16"]
[SourceQuality "1"]
[WhiteTeam "Aachen"]
[BlackTeam "Monheim"]
[WhiteTeamCountry "GER"]
[BlackTeamCountry "GER"]

1. e4 e5 2. f4 Qh4+ 3. g3 Qe7 4. fxe5 d6 5. Nc3 dxe5 6. Nf3 Nc6 7. Bb5 Bd7 8. d3 h6 9. Nd5 Qd8 10. Bd2 Bd6 11. Bc3 Nf6 12. Qe2 0-0 13. 0-0-0 Re8 14. Ne3 Qc8 15. Nc4 Bg4 16. Qf2 Nd7 17. Rdf1 Re6 18. h3 Bc5 19. Qg2 Bxf3 20. Qxf3 Qe8 21. Qh5 f6 22. Qxe8+ Raxe8 23. Na5 Be3+ 24. Kd1 Kh7 25. Bc4 R6e7 26. Nxb7 Rb8 27. Bd5 Rxb7 28. Bxc6 Rb6 29. Bd5 c6 30. Bb3 Nc5 31. Ke2 Bd4 32. Bxd4 exd4 33. Rf5 Nxb3 34. axb3 Kg6 35. Ra1 Rb5 36. Ra5 Rxf5 37. Rxf5 Kf7 38. Rc5 Re6 39. Kf3 Ke8 40. Ra5 Re7 41. Ra6 Rc7 42. Kf4 Kf7 43. e5 Ke6 44. exf6 Kd5 45. Ra5+ c5 46. fxg7 Rf7+ 47. Kg4 Rxg7+ 48. Kh4 Kc6 49. Ra6+ Kb5 50. Re6 Rf7 51. Re2 Rf6 52. g4 Rf3 53. Rh2 Kc6 54. Kh5 Rf6 55. h4 Kd5 56. g5 hxg5 57. hxg5 Rf8 58. Re2 Rf1 59. Kh6 Kd6 60. g6 Rg1 61. Kh7 Rh1+ 62. Kg8 Kd7 63. g7 Rh3 64. Re5 Kd6 65. Rf5 1-0

[Event "St Ingbert op"]
[Site "St Ingbert"]
[Date "1998.??.??"]
[Round "9"]
[White "Feygin, Michael"]
[Black "Van de Berkmortel, Theo"]
[Result "1-0"]
[WhiteElo "2515"]
[BlackElo "2255"]
[PlyCount "61"]
[EventDate "1998.08.??"]
[EventType "swiss"]
[EventRounds "9"]
[EventCountry "GER"]
[SourceTitle "EXT 2002"]
[Source "ChessBase"]
[SourceDate "2001.11.25"]
[SourceVersion "1"]
[SourceVersionDate "2001.11.25"]
[SourceQuality "1"]

1. e4 d5 2. exd5 Qxd5 3. Nc3 Qa5 4. d4 Nf6 5. Nf3 Bg4 6. h3 Bh5 7. g4 Bg6 8. Ne5 c6 9. h4 Ne4 10. Rh3 Nxc3 11. Rxc3 e6 12. h5 Be4 13. Bd2 Qb6 14. Re3 Qxd4 15. Ba5 Qd5 16. Qxd5 Bxd5 17. c4 Bh1 18. 0-0-0 b6 19. Bc3 Bc5 20. Rh3 Be4 21. Re1 f6 22. Rxe4 fxe5 23. Rxe5 0-0 24. h6 Rxf2 25. Bd3 Nd7 26. Rg5 g6 27. Bxg6 Nf6 28. Bd3+ Kf8 29. Rg7 Rd8 30. g5 Ng4 31. Rxh7 1-0

[Event "Oberliga NRW 9798 I"]
[Site "Germany"]
[Date "1998.??.??"]
[Round "8.5"]
[White "Lane, Gary William"]
[Black "Van de Berkmortel, Theo"]
[Result "1-0"]
[WhiteElo "2420"]
[BlackElo "2265"]
[PlyCount "87"]
[EventDate "1997.10.??"]
[EventType "team"]
[EventRounds "9"]
[EventCountry "GER"]
[SourceTitle "EXT 1999"]
[Source "ChessBase"]
[SourceDate "1998.11.16"]
[SourceVersion "1"]
[SourceVersionDate "1998.11.16"]
[SourceQuality "1"]
[WhiteTeam "Palenberg"]
[BlackTeam "Aachen"]
[WhiteTeamCountry "GER"]
[BlackTeamCountry "GER"]

1. e4 d6 2. d4 Nf6 3. Nc3 e5 4. Nf3 Nbd7 5. Bc4 Be7 6. 0-0 0-0 7. Re1 c6 8. a4 Qc7 9. h3 b6 10. Nh4 exd4 11. Qxd4 Ne5 12. Be2 Re8 13. Bf4 Nh5 14. Bxh5 Bxh4 15. Rad1 Rd8 16. b3 Bf6 17. Qe3 Be6 18. Bg5 Nd7 19. Bf4 Be5 20. Be2 Nf6 21. Bf1 Re8 22. g4 Rad8 23. Bg2 h6 24. Bg3 Bxg3 25. Qxg3 a6 26. Rd3 Re7 27. Red1 Ne8 28. f4 f6 29. Ne2 Bd7 30. f5 c5 31. Nf4 Re5 32. Ng6 c4 33. Rc3 Rc5 34. b4 Re5 35. h4 Bxa4 36. Nxe5 fxe5 37. Bf1 b5 38. g5 hxg5 39. hxg5 a5 40. bxa5 Qxa5 41. Qh3 Qa7+ 42. Kh1 Qf2 43. f6 Bxc2 44. Rf3 1-0

[Event "St Ingbert op"]
[Site "St Ingbert"]
[Date "1998.??.??"]
[Round "1"]
[White "Van de Berkmortel, Theo"]
[Black "Berger, H."]
[Result "1-0"]
[WhiteElo "2255"]
[BlackElo "2275"]
[PlyCount "55"]
[EventDate "1998.08.??"]
[EventType "swiss"]
[EventRounds "9"]
[EventCountry "GER"]
[SourceTitle "EXT 2002"]
[Source "ChessBase"]
[SourceDate "2001.11.25"]
[SourceVersion "1"]
[SourceVersionDate "2001.11.25"]
[SourceQuality "1"]

1. e4 e6 2. Qe2 Be7 3. f4 d5 4. d3 Nf6 5. e5 Nfd7 6. Nf3 c5 7. g3 Nc6 8. c3 b6 9. Bh3 Qc7 10. Na3 a6 11. Nc2 Bb7 12. d4 a5 13. Na3 Ba6 14. Nb5 Bxb5 15. Qxb5 Na7 16. Qe2 b5 17. f5 Qb6 18. fxe6 fxe6 19. Be3 0-0 20. 0-0 Rae8 21. Rf2 Rf7 22. Raf1 Ref8 23. dxc5 Bxc5 24. Nd4 Rxf2 25. Rxf2 Rxf2 26. Qxf2 Nf8 27. b4 axb4 28. cxb4 1-0

[Event "St Ingbert op"]
[Site "St Ingbert"]
[Date "1998.??.??"]
[Round "5"]
[White "Van de Berkmortel, Theo"]
[Black "Tabatt, Hendrik"]
[Result "1-0"]
[WhiteElo "2255"]
[BlackElo "2010"]
[PlyCount "99"]
[EventDate "1998.08.??"]
[EventType "swiss"]
[EventRounds "9"]
[EventCountry "GER"]
[SourceTitle "EXT 2002"]
[Source "ChessBase"]
[SourceDate "2001.11.25"]
[SourceVersion "1"]
[SourceVersionDate "2001.11.25"]
[SourceQuality "1"]

1. e4 c5 2. d3 Nc6 3. g3 g6 4. Bg2 Bg7 5. f4 d6 6. Nf3 e6 7. 0-0 Nge7 8. c3 Qc7 9. Be3 b6 10. d4 cxd4 11. cxd4 d5 12. e5 0-0 13. Nc3 Qd7 14. Re1 f6 15. exf6 Bxf6 16. Bf2 Nf5 17. Ne5 Bxe5 18. fxe5 Qf7 19. Qd2 Ba6 20. g4 Nfe7 21. Be3 h5 22. Bh6 hxg4 23. Bxf8 Rxf8 24. Bf1 Bxf1 25. Rxf1 Nf5 26. Nb5 Qd7 27. Qg5 Kg7 28. Rac1 Qe7 29. Qxe7+ Nfxe7 30. Rcd1 Rxf1+ 31. Kxf1 Nf5 32. Rc1 Ncxd4 33. Rc7+ Kh6 34. Nxd4 Nxd4 35. Rxa7 b5 36. Rf7 Kg5 37. Rf6 Nf3 38. Rxe6 Nxh2+ 39. Kf2 Nf3 40. Rb6 Nxe5 41. Rxb5 Nd3+ 42. Kg3 Nf4 43. a4 Nh5+ 44. Kf2 Nf4 45. Rb8 d4 46. a5 Kh4 47. Rh8+ Nh5 48. a6 g3+ 49. Kg1 d3 50. a7 1-0

[Event "Budapest Spring op 12th"]
[Site "Budapest"]
[Date "1996.??.??"]
[Round "6"]
[White "Domschitz, Lajos"]
[Black "Van de Berkmortel, Theo"]
[Result "1/2-1/2"]
[WhiteElo "2080"]
[BlackElo "2260"]
[PlyCount "94"]
[EventDate "1996.03.??"]
[EventType "swiss"]
[EventRounds "9"]
[EventCountry "HUN"]
[SourceTitle "CBM 052 Extra"]
[Source "ChessBase"]
[SourceDate "1996.07.01"]
[SourceVersion "1"]
[SourceVersionDate "1996.07.01"]
[SourceQuality "1"]

1. e4 c6 2. d4 Na6 3. c3 Nc7 4. Bd3 g6 5. Ne2 Bg7 6. 0-0 d5 7. e5 Nh6 8. Ng3 0-0 9. f4 f5 10. Be2 Ne6 11. Nd2 b6 12. Nf3 a5 13. h3 Ba6 14. Bxa6 Rxa6 15. a4 Qd7 16. Re1 Nf7 17. h4 Nh6 18. Nh2 Rb8 19. Be3 b5 20. Qe2 Qa7 21. axb5 cxb5 22. Qf3 Qd7 23. Rac1 Rc6 24. Ne2 a4 25. Kh1 Bf8 26. Rg1 Ng7 27. Ng3 Qe6 28. Qd1 Ng4 29. Nxg4 fxg4 30. Rf1 Nf5 31. Nxf5 gxf5 32. g3 Qc8 33. Bd2 e6 34. Ra1 Rc4 35. Rg1 Qc6 36. b3 axb3 37. Qxb3 b4 38. Rgc1 Qc8 39. cxb4 Bxb4 40. Rab1 Rb7 41. Rxc4 dxc4 42. Qb2 Qc6+ 43. Kh2 Qf3 44. Bxb4 c3 45. Qc2 Qe3 46. Bxc3 Rxb1 47. Qxb1 Qf2+ 1/2-1/2

[Event "Budapest Spring op 12th"]
[Site "Budapest"]
[Date "1996.??.??"]
[Round "8"]
[White "Sukatsch, Manfred"]
[Black "Van de Berkmortel, Theo"]
[Result "0-1"]
[WhiteElo "2035"]
[BlackElo "2260"]
[PlyCount "58"]
[EventDate "1996.03.??"]
[EventType "swiss"]
[EventRounds "9"]
[EventCountry "HUN"]
[SourceTitle "CBM 052 Extra"]
[Source "ChessBase"]
[SourceDate "1996.07.01"]
[SourceVersion "1"]
[SourceVersionDate "1996.07.01"]
[SourceQuality "1"]

1. e4 c6 2. Nc3 g6 3. d4 d6 4. g3 Bg7 5. Nge2 Na6 6. Bg2 Nf6 7. 0-0 0-0 8. h3 Qa5 9. g4 e5 10. Be3 h5 11. g5 Nh7 12. a3 exd4 13. Nxd4 Nxg5 14. Kh2 Ne6 15. f4 Qd8 16. Qd2 Qh4 17. Rf3 Kh7 18. Raf1 Nxd4 19. Bxd4 Bxd4 20. Qxd4 Bg4 21. Rg3 Rg8 22. b4 Be6 23. e5 dxe5 24. Qxe5 Bf5 25. Rg5 Rad8 26. Qf6 Rd2 27. Rf3 Rxc2 28. Rxf5 Rxg2+ 29. Kxg2 gxf5+ 0-1